[Event "Gibtelecom Amateur 1st"]
[Site "Gibraltar"]
[Date "2003.02.03"]
[Round "7"]
[White "Breivik, Olav"]
[Black "Gravett, Alan D"]
[Result "1/2-1/2"]
[WhiteElo "1098"]
[BlackElo "1562"]
[PlyCount "87"]
[EventDate "2003.01.28"]
[EventType "swiss"]
[EventRounds "10"]
[EventCountry "GGB"]
[SourceTitle "BritBase"]
[Source "www.saund.co.uk"]
[SourceDate "2018.02.10"]
[SourceVersion "1"]
[SourceVersionDate "2018.02.10"]
[SourceQuality "1"]

1. e4 c5 2. d4 cxd4 3. c3 Nf6 4. e5 Nd5 5. cxd4 Nc6 6. Nf3 d6 7. Bc4 e6 8. O-O
dxe5 9. Nxe5 Nxe5 10. dxe5 Be7 11. Qg4 Kf8 12. Rd1 Qa5 13. Qd4 Nb6 14. b4 Qa4
15. Rd3 Bd7 16. Bb3 Qxb4 17. Qxb4 Bxb4 18. Bd2 Bc5 19. a4 Bc6 20. a5 Nd5 21.
Ba4 Bxa4 22. Rxa4 Ke7 23. Nc3 Nxc3 24. Rxc3 b6 25. Bg5+ f6 26. exf6+ gxf6 27.
Be3 Rhd8 28. Bxc5+ bxc5 29. h3 Rac8 30. Rh4 Rh8 31. Rh5 Kd6 32. Rh6 Ke5 33.
Rh5+ Kd4 34. Rc1 c4 35. Kf1 Kd3 36. Ke1 c3 37. Rb5 Rb8 38. Rc5 Rb3 39. Rc7 Rhb8
40. Kd1 R8b7 41. Rc6 Rb2 42. R1xc3+ Kd4 43. Rc2 Rxc2 44. Rxc2 1/2-1/2

[Event "Gibtelecom Amateur 1st"]
[Site "Gibraltar"]
[Date "2003.02.03"]
[Round "7"]
[White "Danielsen, Dag"]
[Black "Agdestein, Emil"]
[Result "1/2-1/2"]
[WhiteElo "1735"]
[BlackElo "1637"]
[PlyCount "72"]
[EventDate "2003.01.28"]
[EventType "swiss"]
[EventRounds "10"]
[EventCountry "GGB"]
[SourceTitle "BritBase"]
[Source "www.saund.co.uk"]
[SourceDate "2018.02.10"]
[SourceVersion "1"]
[SourceVersionDate "2018.02.10"]
[SourceQuality "1"]

1. c4 c6 2. Nf3 Nf6 3. g3 d5 4. cxd5 cxd5 5. Bg2 Bg4 6. O-O g6 7. Nc3 Nc6 8. d4
Bxf3 9. Bxf3 Bg7 10. Bg5 O-O 11. Qd2 Qa5 12. Rfd1 e6 13. a3 Ne4 14. Nxe4 dxe4
15. Qxa5 Nxa5 16. Bxe4 Nb3 17. Rab1 Nxd4 18. Bxb7 Nxe2+ 19. Kf1 Rab8 20. Ba6
Nd4 21. b4 Nf3 22. Be7 Rfe8 23. Rd7 Nd2+ 24. Rxd2 Rxe7 25. Rbd1 Bf6 26. b5 Kg7
27. a4 Ree8 28. Ke2 Red8 29. Rd7 Ra8 30. R1d3 Rxd7 31. Rxd7 Bd8 32. Kd3 Bb6 33.
f3 Rd8 34. Rxd8 Bxd8 35. Ke4 Bb6 36. h3 Kf6 1/2-1/2

[Event "Gibtelecom Amateur 1st"]
[Site "Gibraltar"]
[Date "2003.02.03"]
[Round "7"]
[White "Danielsen, Magnus"]
[Black "White, George"]
[Result "1-0"]
[WhiteElo "812"]
[BlackElo "812"]
[PlyCount "83"]
[EventDate "2003.01.28"]
[EventType "swiss"]
[EventRounds "10"]
[EventCountry "GGB"]
[SourceTitle "BritBase"]
[Source "www.saund.co.uk"]
[SourceDate "2018.02.10"]
[SourceVersion "1"]
[SourceVersionDate "2018.02.10"]
[SourceQuality "1"]

1. e4 e5 2. Nf3 Nc6 3. d4 exd4 4. Bc4 d6 5. Nxd4 Ne5 6. Bb3 Nf6 7. Nc3 Be7 8.
O-O O-O 9. h3 Re8 10. Nf3 Nxf3+ 11. Qxf3 c6 12. Rd1 Bd7 13. Bf4 Qa5 14. Bxd6
Bxd6 15. Rxd6 Qe5 16. Rad1 Be6 17. Bxe6 Rxe6 18. Rxe6 Qxe6 19. Qd3 Re8 20. f3
h5 21. Qd6 Qxd6 22. Rxd6 Re7 23. Rd8+ Kh7 24. Ra8 b6 25. Rc8 c5 26. Rd8 g5 27.
Nd5 Nxd5 28. Rxd5 f6 29. Kf2 Kg7 30. g3 Kf7 31. h4 gxh4 32. Rxh5 hxg3+ 33. Kxg3
Ke6 34. Kf2 Rd7 35. Ke2 a6 36. c3 Rg7 37. Rh2 Ke5 38. Ke3 b5 39. Rh8 Kd6 40.
Rh6 Ke5 41. f4+ Ke6 42. e5 1-0

[Event "Gibtelecom Amateur 1st"]
[Site "Gibraltar"]
[Date "2003.02.03"]
[Round "7"]
[White "Haugsrud, Hakon"]
[Black "Young, Melvyn"]
[Result "1-0"]
[WhiteElo "1818"]
[BlackElo "1717"]
[PlyCount "67"]
[EventDate "2003.01.28"]
[EventType "swiss"]
[EventRounds "10"]
[EventCountry "GGB"]
[SourceTitle "BritBase"]
[Source "www.saund.co.uk"]
[SourceDate "2018.02.10"]
[SourceVersion "1"]
[SourceVersionDate "2018.02.10"]
[SourceQuality "1"]

1. e4 Nf6 2. Nc3 d5 3. e5 Ne4 4. Nce2 d4 5. d3 Nc5 6. g3 Qd5 7. f3 Qxe5 8. Bf4
Qf6 9. Bxc7 Nba6 10. Ba5 b6 11. Bd2 e5 12. Bg2 Bb7 13. Nh3 h6 14. O-O O-O-O 15.
a4 Nc7 16. Nc1 g5 17. b4 N5e6 18. Na2 Qg6 19. b5 Nd5 20. Qe1 Ne3 21. Bxe3 dxe3
22. Nb4 e2 23. Rf2 Bc5 24. Qc3 Nd4 25. Kh1 g4 26. fxg4 Bxg2+ 27. Kxg2 Qxg4 28.
Na6 Rd5 29. Rxf7 Kd8 30. Qc4 Qe6 31. Rxa7 Nf5 32. Nxc5 bxc5 33. Qe4 Nd6 34.
Qh4+ 1-0

[Event "Gibtelecom Amateur 1st"]
[Site "Gibraltar"]
[Date "2003.02.03"]
[Round "7"]
[White "Li, Mann-Kee"]
[Black "Mifsud, Joseph"]
[Result "1-0"]
[WhiteElo "1982"]
[BlackElo "812"]
[PlyCount "55"]
[EventDate "2003.01.28"]
[EventType "swiss"]
[EventRounds "10"]
[EventCountry "GGB"]
[SourceTitle "BritBase"]
[Source "www.saund.co.uk"]
[SourceDate "2018.02.10"]
[SourceVersion "1"]
[SourceVersionDate "2018.02.10"]
[SourceQuality "1"]

1. e4 e5 2. Nf3 Nc6 3. Bc4 d6 4. O-O Be7 5. d3 Nf6 6. c3 O-O 7. Bb3 a6 8. Re1
Bg4 9. h3 Bh5 10. Nbd2 h6 11. Nf1 b5 12. Ng3 Bg6 13. Nh4 Bh7 14. Nhf5 a5 15. a4
b4 16. Qf3 Rb8 17. Bc4 Bg6 18. Be3 bxc3 19. bxc3 Re8 20. Rab1 Bf8 21. Bb5 Qd7
22. Nxh6+ gxh6 23. Qxf6 Re6 24. Qh4 Kh7 25. Bxc6 Qxc6 26. Rxb8 Bg7 27. Qd8 Qxc3
28. Qg8# 1-0

[Event "Gibtelecom Amateur 1st"]
[Site "Gibraltar"]
[Date "2003.02.03"]
[Round "7"]
[White "Matto, Manuel"]
[Black "Eliassen, Erik"]
[Result "0-1"]
[WhiteElo "812"]
[BlackElo "1638"]
[PlyCount "84"]
[EventDate "2003.01.28"]
[EventType "swiss"]
[EventRounds "10"]
[EventCountry "GGB"]
[SourceTitle "BritBase"]
[Source "www.saund.co.uk"]
[SourceDate "2018.02.10"]
[SourceVersion "1"]
[SourceVersionDate "2018.02.10"]
[SourceQuality "1"]

1. c4 g6 2. Nc3 Bg7 3. g3 Nf6 4. Bg2 O-O 5. Nf3 c5 6. O-O Nc6 7. e3 d6 8. d4
cxd4 9. exd4 Bg4 10. Be3 Qc8 11. Qd2 Bh3 12. Ne1 Bxg2 13. Nxg2 Qh3 14. Nf4 Qd7
15. f3 Rfd8 16. Rae1 b6 17. Nd3 Rac8 18. b3 Ne8 19. Nf2 Nc7 20. Re2 d5 21. Rd1
dxc4 22. bxc4 Nxd4 23. Bxd4 Bxd4 24. Qc1 Qe8 25. Red2 Ne6 26. Nb5 Bxf2+ 27.
Kxf2 Rxd2+ 28. Rxd2 Qxb5 29. Rc2 Qc5+ 30. Kg2 Nd4 31. Rf2 Qxc4 32. Qe3 Nf5 33.
Qe5 Qd5 34. Qf4 Qd4 35. Qxd4 Nxd4 36. Rd2 Rc2 37. Rxc2 Nxc2 38. Kf2 b5 39. Ke2
Nb4 40. a3 Nc2 41. Kd2 Nxa3 42. Kc3 a5 0-1

[Event "Gibtelecom Amateur 1st"]
[Site "Gibraltar"]
[Date "2003.02.03"]
[Round "7"]
[White "Vea, Odin Blikra"]
[Black "White, Ian"]
[Result "1-0"]
[WhiteElo "1802"]
[BlackElo "2005"]
[PlyCount "45"]
[EventDate "2003.01.28"]
[EventType "swiss"]
[EventRounds "10"]
[EventCountry "GGB"]
[SourceTitle "BritBase"]
[Source "www.saund.co.uk"]
[SourceDate "2018.02.10"]
[SourceVersion "1"]
[SourceVersionDate "2018.02.10"]
[SourceQuality "1"]

1. e4 e6 2. d4 d5 3. Nd2 a6 4. Ngf3 c5 5. exd5 exd5 6. c4 Nf6 7. cxd5 Nxd5 8.
Bc4 b5 9. Bb3 Qe7+ 10. Ne5 c4 11. Ndxc4 bxc4 12. Bxc4 Be6 13. Qf3 Nc7 14. O-O
Qf6 15. Qb7 Bxc4 16. Nxc4 Kd8 17. Nb6 Qc6 18. Qc8+ Ke7 19. Nxa8 Nxa8 20. Qxb8
Nc7 21. Bf4 Nd5 22. Rfe1+ Kf6 23. Qe5+ 1-0

[Event "Gibtelecom Amateur 1st"]
[Site "Gibraltar"]
[Date "2003.02.04"]
[Round "8"]
[White "Agdestein, Emil"]
[Black "White, Ian"]
[Result "1/2-1/2"]
[WhiteElo "1637"]
[BlackElo "2005"]
[PlyCount "64"]
[EventDate "2003.01.28"]
[EventType "swiss"]
[EventRounds "10"]
[EventCountry "GGB"]
[SourceTitle "BritBase"]
[Source "www.saund.co.uk"]
[SourceDate "2018.02.10"]
[SourceVersion "1"]
[SourceVersionDate "2018.02.10"]
[SourceQuality "1"]

1. e4 e6 2. d4 d5 3. exd5 exd5 4. Bd3 Nc6 5. c3 Bd6 6. Ne2 Nge7 7. Bf4 Bf5 8.
Bxf5 Nxf5 9. O-O O-O 10. Qd3 Nfe7 11. Nd2 Bxf4 12. Nxf4 Qd6 13. g3 a6 14. Rfe1
Rad8 15. Re2 Qf6 16. Rae1 Ng6 17. Nxg6 fxg6 18. Qe3 Rd6 19. Kg2 g5 20. Nf3 g4
21. Ne5 Nxe5 22. dxe5 Qf3+ 23. Qxf3 gxf3+ 24. Kg1 Re6 25. Rd2 c6 26. Rd3 Rf5
27. Rde3 Kf7 28. g4 Rf4 29. h3 Rh6 30. Kh2 Rxg4 31. Rxf3+ Ke7 32. e6 Rgg6
1/2-1/2

[Event "Gibtelecom Amateur 1st"]
[Site "Gibraltar"]
[Date "2003.02.04"]
[Round "8"]
[White "Danielsen, Magnus"]
[Black "Breivik, Olav"]
[Result "0-1"]
[WhiteElo "812"]
[BlackElo "1098"]
[PlyCount "101"]
[EventDate "2003.01.28"]
[EventType "swiss"]
[EventRounds "10"]
[EventCountry "GGB"]
[SourceTitle "BritBase"]
[Source "www.saund.co.uk"]
[SourceDate "2018.02.10"]
[SourceVersion "1"]
[SourceVersionDate "2018.02.10"]
[SourceQuality "1"]

1. e4 e5 2. Nf3 Nc6 3. d4 exd4 4. Bc4 Be7 5. Nxd4 Nxd4 6. Qxd4 Bf6 7. e5 Qe7 8.
O-O Bxe5 9. Qe3 Nf6 10. Re1 Bd6 11. Qxe7+ Bxe7 12. Bg5 d6 13. Bxf6 gxf6 14. Nc3
Kd8 15. Re3 Be6 16. Bxe6 fxe6 17. Rxe6 f5 18. Rae1 Bg5 19. Ne2 Kd7 20. Ng3 f4
21. Nh5 Rae8 22. Rxe8 Rxe8 23. Rxe8 Kxe8 24. g3 fxg3 25. hxg3 Bc1 26. Nf6+ Kf7
27. Nxh7 Kg7 28. Ng5 Bxg5 29. f4 Bf6 30. b3 Kg6 31. Kf2 c5 32. Kf3 d5 33. g4
Bc3 34. f5+ Kg5 35. a4 a6 36. Kg3 b5 37. axb5 axb5 38. Kf3 Be5 39. c4 dxc4 40.
bxc4 b4 41. Ke2 Kxg4 42. Kd2 Kxf5 43. Kc2 Ke4 44. Kb3 Kd4 45. Ka2 Kxc4 46. Kb1
Kb3 47. Kc1 Ka2 48. Kd2 b3 49. Kd3 b2 50. Ke4 b1=Q+ 51. Kxe5 0-1

[Event "Gibtelecom Amateur 1st"]
[Site "Gibraltar"]
[Date "2003.02.04"]
[Round "8"]
[White "Eliassen, Erik"]
[Black "Danielsen, Dag"]
[Result "0-1"]
[WhiteElo "1638"]
[BlackElo "1735"]
[PlyCount "78"]
[EventDate "2003.01.28"]
[EventType "swiss"]
[EventRounds "10"]
[EventCountry "GGB"]
[SourceTitle "BritBase"]
[Source "www.saund.co.uk"]
[SourceDate "2018.02.10"]
[SourceVersion "1"]
[SourceVersionDate "2018.02.10"]
[SourceQuality "1"]

1. e4 c5 2. Nf3 Nc6 3. d4 cxd4 4. Nxd4 Qc7 5. Nc3 e6 6. Ndb5 Qb8 7. Be3 a6 8.
Nd4 Nf6 9. a3 b5 10. Be2 Bb7 11. f4 Nxd4 12. Qxd4 Be7 13. O-O-O d6 14. Rhg1 O-O
15. g4 d5 16. e5 Nd7 17. g5 Bc6 18. h4 a5 19. h5 b4 20. Nb1 bxa3 21. Nxa3 Qb7
22. g6 fxg6 23. hxg6 h6 24. Bg4 Nc5 25. Qc3 Bd7 26. Bxc5 Rfc8 27. Qh3 Bxc5 28.
Bxe6+ Bxe6 29. Qxe6+ Kh8 30. Rh1 Be3+ 31. Kb1 Rab8 32. b3 a4 33. Qxd5 axb3 34.
cxb3 Qa6 35. Qf7 Bxf4 36. Rd7 Rg8 37. Rd4 Qxa3 38. Rxf4 Rxb3+ 39. Kc2 Qa2+ 0-1

[Event "Gibtelecom Amateur 1st"]
[Site "Gibraltar"]
[Date "2003.02.04"]
[Round "8"]
[White "Gravett, Alan D"]
[Black "Mifsud, Joseph"]
[Result "1-0"]
[WhiteElo "1562"]
[BlackElo "812"]
[PlyCount "102"]
[EventDate "2003.01.28"]
[EventType "swiss"]
[EventRounds "10"]
[EventCountry "GGB"]
[SourceTitle "BritBase"]
[Source "www.saund.co.uk"]
[SourceDate "2018.02.10"]
[SourceVersion "1"]
[SourceVersionDate "2018.02.10"]
[SourceQuality "1"]

1. g3 e5 2. Bg2 Nf6 3. c4 Be7 4. Nc3 c6 5. e4 d6 6. Nge2 Bg4 7. O-O Nbd7 8. d3
h6 9. h3 Bh5 10. Be3 O-O 11. Qd2 a6 12. Kh1 b5 13. cxb5 axb5 14. g4 Bg6 15. Ng3
b4 16. Nce2 c5 17. f4 exf4 18. Nxf4 Bh7 19. Nf5 Ne5 20. Nh5 Ne8 21. g5 Bxf5 22.
exf5 g6 23. fxg6 fxg6 24. Rxf8+ Bxf8 25. Nf6+ Nxf6 26. gxf6 Ra7 27. Bxh6 Bxh6
28. Qxh6 Rh7 29. Qg5 Kh8 30. f7 Nxf7 31. Qxg6 Ne5 32. Qf5 Rf7 33. Qh5+ Kg7 34.
Bd5 Rf6 35. Qg5+ Ng6 36. Be4 Rf1+ 37. Qg1 Rxg1+ 38. Rxg1 Qf6 39. Rxg6+ Qxg6 40.
Bxg6 Kxg6 41. a4 bxa3 42. bxa3 d5 43. Kg2 Kf5 44. Kf3 Kf6 45. Ke3 d4+ 46. Kd2
Kf5 47. a4 Ke5 48. a5 Kd6 49. h4 Kc7 50. h5 Kb7 51. h6 Ka6 1-0

[Event "Gibtelecom Amateur 1st"]
[Site "Gibraltar"]
[Date "2003.02.04"]
[Round "8"]
[White "Vea, Odin Blikra"]
[Black "Haugsrud, Hakon"]
[Result "1-0"]
[WhiteElo "1802"]
[BlackElo "1818"]
[PlyCount "79"]
[EventDate "2003.01.28"]
[EventType "swiss"]
[EventRounds "10"]
[EventCountry "GGB"]
[SourceTitle "BritBase"]
[Source "www.saund.co.uk"]
[SourceDate "2018.02.10"]
[SourceVersion "1"]
[SourceVersionDate "2018.02.10"]
[SourceQuality "1"]

1. d4 d5 2. c4 c6 3. Nc3 Nf6 4. Bf4 e6 5. Nf3 Be7 6. e3 O-O 7. Qc2 b6 8. cxd5
cxd5 9. Bd3 Na6 10. a3 Nc7 11. b4 Qd7 12. Ne5 Qe8 13. g4 Ba6 14. h4 Bxd3 15.
Qxd3 a5 16. b5 Ne4 17. Nc6 Nxc3 18. Bxc7 Rc8 19. Bxb6 Rxc6 20. bxc6 Qxc6 21.
Bxa5 Ne4 22. Ke2 f5 23. gxf5 Rxf5 24. Be1 Qe8 25. h5 Rxh5 26. Bb4 Qf7 27. Rxh5
Qxf2+ 28. Kd1 Qb2 29. Qb1 Nf2+ 30. Ke1 Bxb4+ 31. axb4 Nd3+ 32. Qxd3 Qxa1+ 33.
Kd2 Qb2+ 34. Kd1 g6 35. Re5 Qxb4 36. Qc2 Qa3 37. Qc8+ Kg7 38. Rxe6 Qd3+ 39. Ke1
Qb1+ 40. Kd2 1-0

[Event "Gibtelecom Amateur 1st"]
[Site "Gibraltar"]
[Date "2003.02.04"]
[Round "8"]
[White "Welch, David"]
[Black "Matto, Manuel"]
[Result "1-0"]
[WhiteElo "1615"]
[BlackElo "812"]
[PlyCount "76"]
[EventDate "2003.01.28"]
[EventType "swiss"]
[EventRounds "10"]
[EventCountry "GGB"]
[SourceTitle "BritBase"]
[Source "www.saund.co.uk"]
[SourceDate "2018.02.10"]
[SourceVersion "1"]
[SourceVersionDate "2018.02.10"]
[SourceQuality "1"]

1. Nf3 Nf6 2. c4 c5 3. g3 g6 4. Bg2 Bg7 5. O-O O-O 6. Nc3 Nc6 7. d3 d6 8. Bd2
Bd7 9. a3 Qc8 10. Rb1 a6 11. b4 cxb4 12. axb4 Bh3 13. b5 Bxg2 14. Kxg2 Nd4 15.
e4 Ne6 16. Nd5 Nxd5 17. exd5 Nc5 18. Be3 b6 19. bxa6 Rxa6 20. Re1 Re8 21. Bd4
Qf5 22. Bxg7 Kxg7 23. Re3 e5 24. dxe6 fxe6 25. Nh4 Qf7 26. d4 Nd7 27. Qe2 Ra5
28. Re1 e5 29. dxe5 dxe5 30. f4 Rea8 31. Nf3 Ra2 32. Nd2 b5 33. fxe5 Qe6 34.
Rd3 bxc4 35. Rd6 c3 36. Rxe6 Rxd2 37. Re7+ Kf8 38. Rxd7 Rxe2+ 1-0

[Event "Gibtelecom Amateur 1st"]
[Site "Gibraltar"]
[Date "2003.02.04"]
[Round "8"]
[White "Young, Melvyn"]
[Black "Li, Mann-Kee"]
[Result "0-1"]
[WhiteElo "1717"]
[BlackElo "1982"]
[PlyCount "68"]
[EventDate "2003.01.28"]
[EventType "swiss"]
[EventRounds "10"]
[EventCountry "GGB"]
[SourceTitle "BritBase"]
[Source "www.saund.co.uk"]
[SourceDate "2018.02.10"]
[SourceVersion "1"]
[SourceVersionDate "2018.02.10"]
[SourceQuality "1"]

1. e4 e5 2. f4 exf4 3. Nf3 Be7 4. Bc4 Nf6 5. Nc3 Nxe4 6. Bxf7+ Kxf7 7. Nxe4 Rf8
8. O-O d5 9. Nf2 Nc6 10. d4 Kg8 11. c3 Qd6 12. Re1 Bd7 13. Nd3 Bg4 14. h3 Bh5
15. Nde5 Bh4 16. Re2 Bg3 17. Qd3 Rae8 18. Bd2 Nxe5 19. dxe5 Qc5+ 20. Kh1 Bg6
21. Qd4 Qxd4 22. cxd4 Bd3 23. Ree1 Bxe1 24. Bxe1 Be4 25. Bb4 Rf5 26. Nd2 f3 27.
gxf3 Bxf3+ 28. Kg1 Be4 29. Rc1 c6 30. Re1 Rf4 31. Bd6 Re6 32. Nxe4 dxe4 33. d5
cxd5 34. Rc1 g5 0-1

[Event "Gibtelecom Amateur 1st"]
[Site "Gibraltar"]
[Date "2003.02.05"]
[Round "9"]
[White "Breivik, Olav"]
[Black "Danielsen, Dag"]
[Result "0-1"]
[WhiteElo "1098"]
[BlackElo "1735"]
[PlyCount "60"]
[EventDate "2003.01.28"]
[EventType "swiss"]
[EventRounds "10"]
[EventCountry "GGB"]
[SourceTitle "BritBase"]
[Source "www.saund.co.uk"]
[SourceDate "2018.02.10"]
[SourceVersion "1"]
[SourceVersionDate "2018.02.10"]
[SourceQuality "1"]

1. e4 c5 2. d4 cxd4 3. c3 dxc3 4. Nxc3 Nc6 5. Nf3 d6 6. Bc4 a6 7. O-O Nf6 8.
Re1 Bg4 9. Bg5 e6 10. Qd3 Be7 11. Rad1 Bxf3 12. Qxf3 Qc7 13. Qg3 Ne5 14. Bb3
O-O 15. f4 Qc5+ 16. Kh1 Ng6 17. e5 dxe5 18. fxe5 Nh5 19. Qg4 Bxg5 20. Qxg5 Nhf4
21. g3 Nh3 22. Qd2 Nf2+ 23. Kg2 Nxd1 24. Rxd1 Nxe5 25. Ne4 Qc6 26. Bc2 f5 27.
Qd4 Ng6 28. Qc3 fxe4 29. Qxc6 bxc6 30. Bxe4 Rad8 0-1

[Event "Gibtelecom Amateur 1st"]
[Site "Gibraltar"]
[Date "2003.02.05"]
[Round "9"]
[White "Eliassen, Erik"]
[Black "Agdestein, Emil"]
[Result "0-1"]
[WhiteElo "1638"]
[BlackElo "1637"]
[PlyCount "54"]
[EventDate "2003.01.28"]
[EventType "swiss"]
[EventRounds "10"]
[EventCountry "GGB"]
[SourceTitle "BritBase"]
[Source "www.saund.co.uk"]
[SourceDate "2018.02.10"]
[SourceVersion "1"]
[SourceVersionDate "2018.02.10"]
[SourceQuality "1"]

1. e4 d5 2. exd5 Nf6 3. Bb5+ Nbd7 4. c4 a6 5. Bxd7+ Bxd7 6. Nc3 b5 7. d3 c6 8.
Bg5 cxd5 9. Bxf6 gxf6 10. Nxd5 Bc6 11. Ne3 Bh6 12. Nf3 Rg8 13. Qe2 Qa5+ 14. Kf1
bxc4 15. Nxc4 Qh5 16. Re1 Ra7 17. Nd6+ Kf8 18. Ne4 Rd7 19. Qc2 Bb5 20. Rd1 Qg6
21. g3 Qxe4 22. Kg2 Rxd3 23. Rxd3 Bxd3 24. Qc8+ Kg7 25. Qc3 Be2 26. h3 Rc8 27.
Qxc8 Bxf3+ 0-1

[Event "Gibtelecom Amateur 1st"]
[Site "Gibraltar"]
[Date "2003.02.05"]
[Round "9"]
[White "Haugsrud, Hakon"]
[Black "Welch, David"]
[Result "1/2-1/2"]
[WhiteElo "1818"]
[BlackElo "1615"]
[PlyCount "100"]
[EventDate "2003.01.28"]
[EventType "swiss"]
[EventRounds "10"]
[EventCountry "GGB"]
[SourceTitle "BritBase"]
[Source "www.saund.co.uk"]
[SourceDate "2018.02.10"]
[SourceVersion "1"]
[SourceVersionDate "2018.02.10"]
[SourceQuality "1"]

1. e4 c5 2. Nf3 Nc6 3. Nc3 e6 4. d4 cxd4 5. Nxd4 Bc5 6. Nb3 Bb6 7. Nb5 d5 8.
exd5 Qxd5 9. Qxd5 exd5 10. Be3 Bxe3 11. fxe3 Kd8 12. O-O-O Nf6 13. e4 Bg4 14.
Rd2 Nxe4 15. Rxd5+ Ke7 16. N5d4 Rad8 17. Nxc6+ bxc6 18. Rxd8 Rxd8 19. Bd3 Nf2
20. Re1+ Kf8 21. Nc5 Rd5 22. b4 a5 23. Rf1 Nxd3+ 24. Nxd3 Be2 25. Rf4 axb4 26.
Rxb4 Bxd3 27. cxd3 Rxd3 28. Rc4 Ra3 29. Kb2 Ra6 30. a4 Ke7 31. Kc3 c5 32. Kd3
Kd6 33. Ke4 g6 34. g4 f6 35. Kd3 Rb6 36. Kc2 Kd5 37. a5 Re6 38. Ra4 Ra6 39. Kc3
f5 40. gxf5 gxf5 41. Kd3 h5 42. h3 Rd6 43. a6 Kc6+ 44. Kc3 Rd8 45. a7 Ra8 46.
Kc4 f4 47. Ra3 Kb6 48. Rb3+ Kxa7 49. Kxc5 Rf8 50. Rf3 Kb7 1/2-1/2

[Event "Gibtelecom Amateur 1st"]
[Site "Gibraltar"]
[Date "2003.02.05"]
[Round "9"]
[White "Li, Mann-Kee"]
[Black "Vea, Odin Blikra"]
[Result "0-1"]
[WhiteElo "1982"]
[BlackElo "1802"]
[PlyCount "104"]
[EventDate "2003.01.28"]
[EventType "swiss"]
[EventRounds "10"]
[EventCountry "GGB"]
[SourceTitle "BritBase"]
[Source "www.saund.co.uk"]
[SourceDate "2018.02.10"]
[SourceVersion "1"]
[SourceVersionDate "2018.02.10"]
[SourceQuality "1"]

1. e4 e5 2. Nf3 d5 3. d3 dxe4 4. dxe4 Qxd1+ 5. Kxd1 Nf6 6. Nxe5 Nxe4 7. Be3 Nd7
8. Nd3 Bd6 9. Nd2 Nxd2 10. Kxd2 O-O 11. Rd1 b6 12. Kc1 Bb7 13. Nf4 Nf6 14. f3
Rfe8 15. Bd2 Rad8 16. Bd3 Nd7 17. Rhe1 Ne5 18. Be4 Bxe4 19. Rxe4 f5 20. Rd4 c5
21. Rd5 Nc4 22. Nd3 Nxd2 23. Rxd2 Bxh2 24. Rxf5 g6 25. Rf6 Kg7 26. Rc6 Bf4 27.
g3 Bxg3 28. Kd1 Re3 29. f4 Re7 30. a4 h5 31. a5 h4 32. Re2 Rxe2 33. Kxe2 h3 34.
Kf1 Rh8 35. Kg1 Re8 36. axb6 axb6 37. Rxb6 Re2 38. Rb7+ Kh6 39. Rb8 Kg7 40.
Rb7+ Kf6 41. Rh7 h2+ 42. Kh1 c4 43. Nc5 Bxf4 44. b3 Kg5 45. bxc4 Re1+ 46. Kg2
Rg1+ 47. Kf3 h1=Q+ 48. Rxh1 Rxh1 49. Ke4 Re1+ 50. Kd5 Re5+ 51. Kc6 Rxc5+ 52.
Kxc5 Kf5 0-1

[Event "Gibtelecom Amateur 1st"]
[Site "Gibraltar"]
[Date "2003.02.05"]
[Round "9"]
[White "Matto, Manuel"]
[Black "Young, Melvyn"]
[Result "1/2-1/2"]
[WhiteElo "812"]
[BlackElo "1717"]
[PlyCount "81"]
[EventDate "2003.01.28"]
[EventType "swiss"]
[EventRounds "10"]
[EventCountry "GGB"]
[SourceTitle "BritBase"]
[Source "www.saund.co.uk"]
[SourceDate "2018.02.10"]
[SourceVersion "1"]
[SourceVersionDate "2018.02.10"]
[SourceQuality "1"]

1. Nf3 f5 2. d3 d6 3. Nc3 c6 4. Bd2 e5 5. e4 Nf6 6. h3 f4 7. Qe2 Be6 8. O-O-O
Qa5 9. Kb1 b5 10. Nd5 Qd8 11. Nxf6+ Qxf6 12. d4 Nd7 13. d5 cxd5 14. exd5 Bxd5
15. Qxb5 Bxf3 16. gxf3 Rb8 17. Qd5 Qf7 18. Qxf7+ Kxf7 19. Bc4+ Kf6 20. Bc3 Be7
21. Bb3 {(=)} Nc5 22. Rd2 Nxb3 23. cxb3 Rhc8 24. Re1 Rc6 25. Kc2 Bd8 26. Rd5
Rbc8 27. b4 Ke6 28. Red1 Be7 29. a4 Rc4 30. Kb3 g6 31. Ra5 R8c7 32. Rd3 R4c6
33. Rad5 Rb7 34. b5 Rc8 35. Bb4 Rd8 36. a5 Rdb8 37. Ka4 Rd7 38. Bc3 Bf6 {(=)}
39. Bb4 Be7 40. Bc5 Rc8 41. Bb4 1/2-1/2

[Event "Gibtelecom Amateur 1st"]
[Site "Gibraltar"]
[Date "2003.02.05"]
[Round "9"]
[White "Mifsud, Joseph"]
[Black "Danielsen, Magnus"]
[Result "1-0"]
[WhiteElo "812"]
[BlackElo "812"]
[PlyCount "55"]
[EventDate "2003.01.28"]
[EventType "swiss"]
[EventRounds "10"]
[EventCountry "GGB"]
[SourceTitle "BritBase"]
[Source "www.saund.co.uk"]
[SourceDate "2018.02.10"]
[SourceVersion "1"]
[SourceVersionDate "2018.02.10"]
[SourceQuality "1"]

1. e4 e6 2. Nc3 d5 3. exd5 exd5 4. d4 c6 5. Nf3 Bd6 6. Be2 Ne7 7. O-O O-O 8.
Bg5 f6 9. Bh4 Ng6 10. h3 Nxh4 11. Nxh4 Re8 12. Bd3 Qb6 13. Bxh7+ Kf8 14. Ng6+
Kf7 15. Qh5 Ke6 16. Qg4+ Kf7 17. Qh5 Ke6 18. Rae1+ Kd7 19. Rxe8 Kxe8 20. Ne5+
Kd8 21. Nf7+ Kc7 22. Nxd6 Kxd6 23. Qf7 Qxb2 24. Qf8+ Kc7 25. Qxg7+ Nd7 26. Qg3+
Kd8 27. Re1 Nf8 28. Qd6+ 1-0

[Event "Gibtelecom Amateur 1st"]
[Site "Gibraltar"]
[Date "2003.02.05"]
[Round "9"]
[White "White, Ian"]
[Black "Gravett, Alan D"]
[Result "0-1"]
[WhiteElo "2005"]
[BlackElo "1562"]
[PlyCount "64"]
[EventDate "2003.01.28"]
[EventType "swiss"]
[EventRounds "10"]
[EventCountry "GGB"]
[SourceTitle "BritBase"]
[Source "www.saund.co.uk"]
[SourceDate "2018.02.10"]
[SourceVersion "1"]
[SourceVersionDate "2018.02.10"]
[SourceQuality "1"]

1. Nf3 Nf6 2. g3 b5 3. Bg2 Bb7 4. O-O e6 5. d3 Be7 6. e4 d6 7. Nbd2 Nbd7 8. Re1
O-O 9. Nf1 c5 10. c3 a6 11. Qe2 Qc7 12. h4 c4 13. dxc4 Bxe4 14. cxb5 axb5 15.
Qxb5 Rfb8 16. Qe2 Qb7 17. Ne3 Nc5 18. Ng5 Bxg2 19. Nxg2 h6 20. Nf3 Nb3 21. axb3
Rxa1 22. b4 Nd5 23. Nd4 Bf6 24. Nb3 Ra2 25. Qd3 Qb6 26. Rd1 Bxc3 27. Qb1 Rba8
28. Ne3 Bxb4 29. Nc4 Qa7 30. Na3 Nc3 31. Qd3 Nxd1 32. Qxd1 Bxa3 0-1